Conservation of mass and energy (Record no. 13557)

000 -LEADER
fixed length control field 00584nam a22002177a 4500
001 - CONTROL NUMBER
control field 13557
003 - CONTROL NUMBER IDENTIFIER
control field BD-DhUET
008 - FIXED-LENGTH DATA ELEMENTS--GENERAL INFORMATION
fixed length control field 150303b xxu||||| |||| 00| 0 eng d
040 ## - CATALOGING SOURCE
Transcribing agency 0
Modifying agency BD-DhUET
082 ## - DEWEY DECIMAL CLASSIFICATION NUMBER
Classification number 660.28
Item number WHI/1969
100 ## - MAIN ENTRY--PERSONAL NAME
Personal name Whitwell, John C.
245 ## - TITLE STATEMENT
Title Conservation of mass and energy
250 ## - EDITION STATEMENT
Edition statement 1st ed.
260 ## - PUBLICATION, DISTRIBUTION, ETC. (IMPRINT)
Place of publication, distribution, etc. Massachusetts
Name of publisher, distributor, etc. Blaisdell Publishing
Date of publication, distribution, etc. 1969
260 ## - PUBLICATION, DISTRIBUTION, ETC. (IMPRINT)
Place of publication, distribution, etc. New York
Name of publisher, distributor, etc. McGraw-Hill
Date of publication, distribution, etc. 1969
300 ## - PHYSICAL DESCRIPTION
Extent xiv, 496p.
Other physical details ill.
490 ## - SERIES STATEMENT
Series statement Chemical engineering series
650 #0 - SUBJECT ADDED ENTRY--TOPICAL TERM
Topical term or geographic name as entry element Chemical engineering
700 ## - ADDED ENTRY--PERSONAL NAME
Personal name Toner, Richard K.
942 ## - ADDED ENTRY ELEMENTS (KOHA)
Koha item type General Book
Holdings
Date acquired Copy number Location (home branch) Koha full call number Withdrawn status Price effective from Koha date last seen Shelving location Piece designation (barcode) Not for loan Lost status Source of classification or shelving scheme Koha item type Sublocation or collection (holding branch) Koha normalized classification for sorting Damaged status
2015-03-031Central Library, BUET660.28/WHI/1969 2015-03-032015-03-03Circulation section79325   General BookCentral Library, BUET660_280000000000000_WHI_1969 
2015-07-122Central Library, BUET660.28/WHI/1969 2015-07-122015-07-12Circulation section39390   General BookCentral Library, BUET660_280000000000000_WHI_1969